000 00747nam a2200241Ia 4500
001 3096
003 GE_BSU
008 181216s||||||||xx |||||||||||||| ||und||
020 _a5851731133
040 _cGE_BSU
080 _a339.727.22+005.575
100 _aНорткотт Д.
245 _aПриятные инвестиционных решений
245 _bCapital Inrestment, Decision-Making.
245 _cПер. с англ. Под ред. А.Н.Шохина. гл. ред. изд-во Н. Эриашвили.
260 _aМосква
260 _bЮНИТИ
260 _c1997
300 _a247 с. 20 см.
541 _h60 л.
653 _aПриятные инвестиционных решений
942 _cBK
999 _c37140
_d37140